| 000 | 00904cab a2200313 4500 | ||
|---|---|---|---|
| 001 | ABS57615 | ||
| 008 | 090401t1997 xxu||||| |||| 00| 0 eng d | ||
| 035 | _a(Sirsi) u80919 | ||
| 041 | _aeng | ||
| 100 | _aEvans, B. | ||
| 245 | _aTelework on the move | ||
| 260 | _c1997 | ||
| 350 | _a0 | ||
| 490 |
_aArchitects` Journal _v206(9) 11 September 1997, 56-57(2) |
||
| 520 | _aConsiders the implications of the expanding teleworking market for architects - for projects and as teleworkers themselves. | ||
| 650 | _aARCHITECTS | ||
| 650 | _aCONSTRUCTION INDUSTRY | ||
| 650 | _aCONSULTANTS | ||
| 650 | _aCONTRACTUAL ISSUES | ||
| 650 | _aCOSTS | ||
| 650 | _aEMPLOYMENT | ||
| 650 | _aFLEXIBLE WORKING | ||
| 650 | _aFUTURE WORK | ||
| 650 | _aTELECOTTAGES | ||
| 650 | _aTELEWORKING | ||
| 690 | _aMANAGEMENT-BUSINESS MANAGEMENT-INFORMATION MANAGEMENT | ||
| 942 | _n0 | ||
| 948 | _c17/09/1997 | ||
| 999 |
_c50963 _d50963 |
||